000 00540 a2200157 4500
020 _a8131704173
_c95.00
035 _aB-211492
037 _bRP-ZLS-2771 / UBH-07-08:6 / RP-07-08:ENG
082 1 4 _a880
090 _c5650
_d5650
245 1 _aThe individual and society
_bessays, stories and poems
_cedited by Vinay Sood...(et al)
260 _aDelhi
_bDorling Kindersley
_c2006
300 _ax, 251 p
_c22 cm (pbk)
942 _adpl
_cEN
_k880 / THE
999 _c5543
_d5543